00956 a2200181 4500003000500000005001700005022002400022040000900046082001300055100002200068245009800090250001200188260006600200300001700266505043400283650004600717651001100763Nust20170207165829.0 a1−934404−12−8 cNust a621.3822 aSteven T. Karris  a Signals and Systems with MATLAB Computing and Simulink Modeling (E-Book) bSteven T. Karris  a 4th.ed aUSA bOrchard Publications www.orchardpublications.comc2008  a viii,987.p  a Elementary Signals (Page1-1) The Laplace Transformation (Page2-1) The Inverse Laplace Transform (Page3-1)Circuits Analysis with Laplace (Page4-1) State Variables and State Equations (Page 5-1 The Impulse Reponses and Convolution (Page6-1) Fourier Series (Page7-1) The Fourier Transform (Page8-1)Discrete Time Systems and the Z Transform (Page-9-1) The DFT and the FFT Algorithm (Page-10-1) Analog and Digital Filters (Page11-1)  aTelecommunications engineering - (E-BOOK) aE-Book